Como preparar orçamentos de obras : (Record no. 1095)

MARC details
000 -LÍDER
Campo Fixo de Controle 00794nam a2200253 a 4500
001 - NÚMERO DE CONTROLE
Campo de Controle 1095
003 - IDENTIFICAÇÃO DO NÚMERO DE CONTROLE
Campo de Controle BR-CuiBMT
005 - DATA E HORA DA ÚLTIMA ATUALIZAÇÃO
Campo de Controle 20231128183640.0
008 - DADOS FIXOS
Dados Fixos 231128s2006 spba 000 0 por d
020 ## - INTERNATIONAL STANDARD BOOK NUMBER
Nº do ISBN 857266176
040 ## - AGÊNCIA CATALOGADORA
Código da Agência Catalogadora BR-CuiBMT
Agência que transcreveu o registro BR-CuiBMT
080 ## - Nº DA CLASSIFICAÇÃO DECIMAL UNIVERSAL
Nº edição CDU 2007
Nº Class. CDU 624:657.31
090 ## - NÚMERO DE CHAMADA
Nº classificação 624:657.31
Cutter M444c
Ano/Edição 1. ed.
100 1# - ENTRADA PRINCIPAL -- AUTOR PESSOAL
Nome pessoal Mattos, Aldo Dórea,
Datas associadas ao nome 1965-
245 ## - TÍTULO PRINCIPAL
Título principal Como preparar orçamentos de obras :
Subtítulo dicas para orçamentistas, estudos de caso, exemplos /
Indicação de responsabilidade Aldo Dórea Mattos.
250 ## - EDIÇÃO
Edição 1. ed.
260 ## - PUBLICAÇÃO, DISTRIBUIÇÃO, ETC.
Local de publicação São Paulo :
Editora Pini,
Data 2006.
300 ## - DESCRIÇÃO FÍSICA
N. páginas ou volumes 281 p.:
Ilustrações il.
Dimensões 23 cm
504 ## - NOTA DE BIBLIOGRAFIA, ETC.
Nota de bibliografia Inclui bibliografia.
650 ## - ASSUNTO TÓPICO
Cabeçalho tópico ou nome geográfico Construção civil
Subdivisão geral Estimativas
650 ## - ASSUNTO TÓPICO
Cabeçalho tópico ou nome geográfico Engenharia civil
650 ## - ASSUNTO TÓPICO
Cabeçalho tópico ou nome geográfico Indústria da construção civil
Subdivisão geral Orçamento
942 ## - ELEMENTOS DE ENTRADA ADICIONAIS (KOHA)
Fonte de classificação ou esquema de arquivamento Classificação Decimal Universal
Tipo de item do Koha Livros
Holdings
Estado: removido Estado: perdido Fonte de classificação ou esquema de arquivamento Estado: danificado Indisponível para empréstimo Localização permanente Localização atual Data de aquisição Total Checkouts Número de Chamada completo Código de barras Date last seen Número do exemplar Preço efetivo a partir de Tipo de item (Koha)
    Classificação Decimal Universal     Biblioteca da Escola Superior de Contas do TCE/MT Biblioteca da Escola Superior de Contas do TCE/MT 02/04/2013   624:657.31 M444c BIBTCEMT23111259 28/11/2023 Ex. 1 28/11/2023 Livros

Powered by Koha